000 00322nam a2200145Ia 4500
100 _aBoyet/Howard
490 _v1
942 _cBK
654 _acomputer
245 _aThe 8085 microprocessor:fundamentals
260 _bMIT Publications
_aU.S.A
_c1982
082 _a621.381952
_bBOY
300 _a420
546 _aENGLISH
999 _c35010
_d35010